000 01028nam0a22002651 4500
001 rc\190691
005 20250620224736.0
035 _a(NLR Aleph) 005447135
090 _a4818828
_c4818828
100 _a20030307d1997 |||y0rusy50 ca
101 0 _arus
102 _aRU
105 _aa |||||||||
200 1 _aДифференциальная диагностика апластической анемии
_fС.С. Бессмельцев, В.И. Трофимов
_g[С.-Петерб. гос. мед. ун-т им. И.П. Павлова]
210 _aСПб.
_cИзд-во СПбГМУ
_d1997
215 _a35 с.
_cил.
_d22
320 _aБиблиогр.: с. 32-34
700 1 _aБессмельцев
_bС.С.
_gСтанислав Семенович
701 1 _7ca
_8rus
_aТрофимов
_bВ. И.
_cд-р мед. наук
_gВасилий Иванович
_955332
_3RU\NLR\AUTH\7772404
801 0 _aRU
_bNLR
_gpsbo
801 1 _aRU
_bELAR
_2rusmarc
852 _aNLR
_j98-6/594
942 _cBOOK
980 _aNB